• 首页
  • 本馆介绍
  • 公告通知
  • 最新文献
  • 馆藏检索
  • 电子资源
  • 读者导购
  • 参考咨询
  • 我的图书馆
  • 登录
  • 详细信息显示
  • 放入我的书架
  • 预约/预借图书
  • 作者相关作品
  • 分类相关作品
  • 丛书相关作品
  • 出版社相关作品

书目信息

  • 表格格式
  • 工作单格式
  • 卡片格式
题名:
面试实战技巧与真题演练
    
 
作者: ;山香教师资格考试命题研究中心 主编
分册:   小学
出版信息: 北京   首都师范大学出版社  2018.11
页数: 289页
开本: 29cm
丛书名: 2017年国家教师资格考试专用教材
单 册:
中图分类: G451.1 , G625.1
科图分类:
主题词: 教师--资格考试--自学参考资料 , 小学教师--资格考试--自学参考资料
电子资源:
ISBN: 978-7-5656-3239-6
000 01426nam 2200361 45
001 012001000876
005 20140820100110.0
010    @a978-7-5656-3239-6@dCNY42.00
092    @aCN@b人天759-0951
099    @aCAL 012018083869
100    @a20171117d2016 em y0chiy0110 ea
101 0  @achi
102    @aCN@b110000
105    @aa z 001yy
106    @ar
200 1  @a面试实战技巧与真题演练@Amian shi shi zhan ji qiao yu zhen ti yan lian@i小学@f山香教师资格考试命题研究中心主编
210    @a北京@c首都师范大学出版社@d2018.11
215    @a289页@c图@d29cm
225 2  @a2017年国家教师资格考试专用教材@A2017 nian guo jia jiao shi zi ge kao shi zhuan yong jiao cai
300    @a山香教育 严格依据最新国家教师资格考试大纲编写
300    @a其他题名:小学
320    @a有索引
330    @a本书以小学教师面试方法技巧为主要内容, 分为基础篇、实践篇、强化篇三篇。具体内容包括教师资格面试概论、教师资格面试准备、结构化面试、情境模拟面试 —— 试讲、小学语文面试指导等。
410  0 @12001 @a2017年国家教师资格考试专用教材
461  0 @12001 @a2017年国家教师资格考试专用教材
517 1  @a小学
606 0  @a教师@x资格考试@j自学参考资料
606 0  @a小学教师@x资格考试@j自学参考资料
690    @aG451.1@v5
690    @aG625.1@v5
711 02 @a山香教师资格考试命题研究中心@Ashan xiang jiao shi zi ge kao shi ming ti yan jiu zhong xin@4主编
801    @aCN@bAHXH@c20210922
905    @b1247436-40@dG451.1@e464@f5
    
    面试实战技巧与真题演练.小学/山香教师资格考试命题研究中心主编.-北京:首都师范大学出版社,2018.11
    289页:图;29cm.-(2017年国家教师资格考试专用教材)
    山香教育 严格依据最新国家教师资格考试大纲编写.-其他题名:小学
    
    ISBN 978-7-5656-3239-6:CNY42.00
    本书以小学教师面试方法技巧为主要内容, 分为基础篇、实践篇、强化篇三篇。具体内容包括教师资格面试概论、教师资格面试准备、结构化面试、情境模拟面试 —— 试讲、小学语文面试指导等。
●
相关链接 在E读中查询图书 在五车中查询图书 在当当中查询图书 在豆瓣中查询图书


正题名:面试实战技巧与真题演练     索取号:G451.1/464         预约/预借

序号 登录号 条形码 馆藏地/架位号 状态 备注
1 1247436   212474366   第一样本阅览室/ [索取号:G451.1/464] 在馆    
2 1247437   212474375   教育系资料室/ [索取号:G451.1/464] 在馆    
3 1247438   212474384   教育系资料室/ [索取号:G451.1/464] 在馆    
4 1247439   212474393   第四借阅区/ [索取号:G451.1/464] 在馆    
5 1247440   212474400   第四借阅区/ [索取号:G451.1/464] 在馆    
唐山师范学院图书馆 欢迎您!
大连网信软件有限公司© 版权所有